000 00420pab a2200145 454500
008 180718b1999 xxu||||| |||| 00| 0 eng d
100 _aReynolds, Michael
245 _aCritical reflection and management education: rehabilitating less hierarchical approaches
260 _c1999
300 _ap.537-53
362 _aOct
650 _aManagement education
773 _aJournal of Management Education
909 _a43420
999 _c43420
_d43420